=LDR 00000nam 2200000 4500 =001 INLIS000000000006030 =005 20130612094213 =008 ***********************************Ind** =035 ##$$0010-061300000006030 =041 ##$$a Ind =082 ##$$a 153.4 =090 ##$$a 153.4 Alb d =100 ##$$a Albert, Karl =245 ##$$a Daya pikir:Metode penoingkatan potensi berfikir/Karl Albert =260 ##$$a 1995 $b Semarang =300 ##$$a x, 274 hlm. ; 20 cm =650 ##$$a Kognisi =850 ##$$a NBPNMAT